banner-ar

MAO TSE-TONG: ON METHODS OF LEADERSHIP / (Record no. 12089)

MARC details
000 -الفاتح
حقل البيانات ثابتة الطول 00501nam a2200181Ia 4500
008 - عناصر البيانات ثابتة الطول - معلومات عامة
حقل البيانات ثابتة الطول 140319s9999 xx 000 0 eng d
040 ## - مصدر الفهرسة
وكالة الفهرسة الأصلية GCL /
وكالة النسخ GCL
082 04 - رقم تصنيف ديوى العشرى
رقم التصنيف 923.1
رقم المادة P M
100 1# - المدخل الرئيسى - إسم شخصى
الإسم الشخصى PEOPLE'S REPUBLIC OF CHINA
245 10 - بيان العنوان
العنوان MAO TSE-TONG: ON METHODS OF LEADERSHIP /
بيان المسئوليه,etc PEOPLE'S REPUBLIC OF CHINA
260 ## - PUBLICATION, DISTRIBUTION, ETC. (IMPRINT)
تاريخ النشر أو التوزيع 1955
300 ## - الوصف المادى
التعداد 10 P
650 04 - المدخل الاضافى بالموضوع-مصطلح موضوعى
مصطلح موضوعي CHINA
650 04 - المدخل الاضافى بالموضوع-مصطلح موضوعى
مصطلح موضوعي BIOGRAPHY
650 04 - المدخل الاضافى بالموضوع-مصطلح موضوعى
مصطلح موضوعي MAO TSE-TONG
942 ## - عناصر المدخل الإضافي( كوها)
مصدر التصنيف او مخطط الترفيف Dewey Decimal Classification
Koha [default] item type كتاب
260 ## - PUBLICATION, DISTRIBUTION, ETC. (IMPRINT)
-- [S.N] :
-- FOREIGN LANGUAGES PUBLISHING HOUSE ،
Holdings
حالة التراجع حالة الفقد حالة تلف ليس للاعارة المكان المؤقت الموقع الحالى تاريخ الاكتساب اجمالي اﻻعارات رقم الطلب الباركود تاريخ اخر مشاهدة تاريخ تفعيل السعر نوع وعاء كوها
        مكتبة القاهرة الكبرى مكتبة القاهرة الكبرى 03/26/2014   923.1\P M 23667 03/26/2014 03/26/2014 كتاب

Powered By

EGPV